Project 2013 / (Record no. 218397)
[ view plain ]
| 000 -CABECERA | |
|---|---|
| campo de control de longitud fija | 01043 a2200253 4500 |
| 003 - IDENTIFICADOR DEL NÚMERO DE CONTROL | |
| campo de control | OSt |
| 005 - FECHA Y HORA DE LA ÚLTIMA TRANSACCIÓN | |
| campo de control | 20240426140444.0 |
| 008 - DATOS DE LONGITUD FIJA--INFORMACIÓN GENERAL | |
| campo de control de longitud fija | 230218s2016 mx ad||f |||| 001 0 spa d |
| 020 ## - NÚMERO INTERNACIONAL ESTÁNDAR DEL LIBRO | |
| Número Internacional Estándar del Libro | 9786076225509 (Alfaomega) |
| 020 ## - NÚMERO INTERNACIONAL ESTÁNDAR DEL LIBRO | |
| Número Internacional Estándar del Libro | 9786076225509 (Disco compacto) |
| 040 ## - FUENTE DE LA CATALOGACIÓN | |
| Centro/agencia transcriptor | CHAP |
| 082 00 - NÚMERO DE LA CLASIFICACIÓN DECIMAL DEWEY | |
| Número de edición | 22 |
| Número de clasificación | 658.404028553 |
| Número de documento/Ítem | A59 |
| 100 1# - ENTRADA PRINCIPAL--NOMBRE DE PERSONA | |
| 9 (RLIN) | 187863 |
| Nombre de persona | Angulo Aguirre, Luis |
| 245 10 - MENCIÓN DE TÍTULO | |
| Título | Project 2013 / |
| Mención de responsabilidad, etc. | por Luis Angulo Aguirre |
| 264 #1 - PRODUCCIÓN, PUBLICACIÓN, DISTRIBUCIÓN, FABRICACIÓN Y COPYRIGHT | |
| Producción, publicación, distribución, fabricación y copyright | México: |
| Nombre del de productor, editor, distribuidor, fabricante | Alfaomega: |
| Fecha de producción, publicación, distribución, fabricación o copyright | 2016. |
| 300 ## - DESCRIPCIÓN FÍSICA | |
| Extensión | 454 páginas: |
| Otras características físicas | Ilustraciones, cuadros, gráficas + |
| Material acompañante/anejo | 1 DVD |
| 490 1# - MENCIÓN DE SERIE | |
| Mención de serie | Computación. |
| 500 ## - NOTA GENERAL | |
| Nota general | El DVD incluye videos tutoriales y otros archivos. Para la reproducción del DVD se requiere Windows XP/7/8-RAM 1GB, tarjeta de video de 256 MB, resolución de pantalla 1366x768, soporte a Flash Player. |
| 504 ## - NOTA DE BIBLIOGRAFÍA, ETC. | |
| Nota de bibliografía, etc. | Incluye índice |
| 650 #7 - PUNTO DE ACCESO ADICIONAL DE MATERIA--TÉRMINO DE MATERIA | |
| 9 (RLIN) | 187864 |
| Término de materia o nombre geográfico como elemento de entrada | Administración de proyectos |
| Subdivisión general | Procesamiento de datos |
| 650 #7 - PUNTO DE ACCESO ADICIONAL DE MATERIA--TÉRMINO DE MATERIA | |
| 9 (RLIN) | 187865 |
| Término de materia o nombre geográfico como elemento de entrada | Microsoft Project (Programa para computadora) |
| 830 ## - PUNTO DE ACCESO ADICIONAL DE SERIE-TÍTULO UNIFORME | |
| 9 (RLIN) | 186543 |
| Título uniforme | Computación. |
| Nombre de parte o sección de la obra | Aplicaciones ofimaticas. |
| 942 ## - ELEMENTOS DE PUNTO DE ACCESO ADICIONAL (KOHA) | |
| Tipo de ítem Koha | Libro |
| Fuente del sistema de clasificación o colocación | Dewey Decimal Classification |
| Estado de retiro | Estado de pérdida | Fuente del sistema de clasificación o colocación | Estado dañado | Restricciones de uso | No para préstamo | Código de colección | Localización permanente | Ubicación/localización actual | Ubicación en estantería | Fecha de adquisición | Total de préstamos | Signatura topográfica completa | Código de barras | Fecha visto por última vez | Precio válido a partir de | Tipo de ítem Koha | Número de copia | Nota pública |
|---|---|---|---|---|---|---|---|---|---|---|---|---|---|---|---|---|---|---|
| Dewey Decimal Classification | Préstamo 15 días | General | Biblioteca Central | Biblioteca Central | Planta principal - Colección General | 31/08/2023 | 658.404028553 A59 | 33724002579173 | 31/08/2023 | 31/08/2023 | Libro | |||||||
| Dewey Decimal Classification | Préstamo 15 días | General | Biblioteca Central | Biblioteca Central | Planta principal - Colección General | 31/08/2023 | 658.404028553 A59 | 33724002578421 | 31/08/2023 | 31/08/2023 | Libro | c.2 | ||||||
| Dewey Decimal Classification | Préstamo interno | General | Biblioteca Central | Biblioteca Central | 04/09/2023 | 658.404028553 A59 | 33724002580845 | 04/09/2023 | 04/09/2023 | DVD | Material complementario | |||||||
| Dewey Decimal Classification | Préstamo interno | General | Biblioteca Central | Biblioteca Central | 04/09/2023 | 658.404028553 A59 | 33724002580806 | 04/09/2023 | 04/09/2023 | DVD | c.2 | Material complementario |
